[Event "Philadelphia int op 15th"]
[Site "Philadelphia"]
[Date "2022.06.28"]
[Round "8"]
[White "Su, Ethan"]
[Black "Causo, Deniel"]
[Result "0-1"]
[WhiteElo "1843"]
[BlackElo "2260"]
[PlyCount "80"]
[EventDate "2022.06.24"]
[EventType "swiss"]
[EventRounds "9"]
[EventCountry "USA"]
[SourceTitle "CBM 209 Extra"]
[Source "ChessBase"]
[SourceDate "2022.09.30"]
[SourceVersion "1"]
[SourceVersionDate "2022.09.30"]
[SourceQuality "1"]

1. d4 d5 2. c4 c6 3. Nf3 Nf6 4. Nc3 dxc4 5. g3 Bf5 6. Bg2 e6 7. Ne5 Bb4 8. 0-0 Nbd7 9. Nxc4 Nb6 10. Ne5 0-0 11. Bg5 h6 12. Bxf6 Qxf6 13. e4 Bh7 14. a3 Bd6 15. f4 Qe7 16. Nf3 Rad8 17. b4 Nc4 18. Qe2 b5 19. Rfd1 a5 20. e5 Bc7 21. Ne4 axb4 22. axb4 Qxb4 23. g4 Bb6 24. g5 hxg5 25. Nfxg5 Rxd4 26. Kh1 Qb2 27. Nf6+ gxf6 28. Qg4 Ne3 29. Qg3 Qxg2+ 30. Qxg2 Nxg2 31. Rg1 fxg5 32. Kxg2 Rd2+ 33. Kf3 Bxg1 34. Rxg1 Rfd8 35. Rxg5+ Bg6 36. h3 R8d3+ 37. Kg4 Rg2+ 38. Kh4 Rxg5 39. Kxg5 Rxh3 40. f5 Rh5+ 0-1

[Event "Richmond Keres Memorial 46th"]
[Site "Richmond"]
[Date "2022.05.22"]
[Round "3"]
[White "Su, Ethan"]
[Black "Gornall, Kirk J"]
[Result "1/2-1/2"]
[WhiteElo "1801"]
[BlackElo "2104"]
[PlyCount "80"]
[EventDate "2022.05.21"]
[EventType "swiss"]
[EventRounds "6"]
[EventCountry "CAN"]
[SourceTitle "CBM 209 Extra"]
[Source "ChessBase"]
[SourceDate "2022.09.30"]
[SourceVersion "1"]
[SourceVersionDate "2022.09.30"]
[SourceQuality "1"]

1. d4 f5 2. Nf3 e6 3. g3 Nf6 4. Bg2 Be7 5. 0-0 0-0 6. c4 d6 7. Nc3 Ne4 8. Qc2 Nxc3 9. Qxc3 a5 10. b3 Nc6 11. Bb2 Bf6 12. Qc2 e5 13. dxe5 dxe5 14. e4 f4 15. Rad1 Qe8 16. Qd2 g5 17. h3 Be6 18. g4 a4 19. Bc3 axb3 20. axb3 Qe7 21. Qb2 Qa3 22. Ra1 Qxb2 23. Bxb2 Rfd8 24. Rxa8 Rxa8 25. Ra1 Rxa1+ 26. Bxa1 Na5 27. Nd2 c5 28. Bc3 Nc6 29. f3 Kf7 30. Kf2 Ke7 31. Bf1 Kd6 32. Ke2 Nd4+ 33. Bxd4 exd4 34. Kd3 Be5 35. Kc2 Kc6 36. Bd3 Kb6 37. Kb2 Ka5 38. Nb1 Bf7 39. Na3 h5 40. Nc2 h4 1/2-1/2